000 01194pam a2200337 a 4500
001 3489276
003 LC
005 20160314144704.0
008 941114s1995 nyu 000 1 eng
010 _a 94045096
020 _a0440216842
040 _aDLC
_cDLC
_dDLC
_dOCoLC
_dDLC
043 _an-us-ny
050 0 0 _aPS 3566 .L254
_b.P698 1995
082 0 0 _aFIC
_bP69c 1995
100 1 _aPlain, Belva.
_920223
245 1 4 _aThe carousel /
_cBelva Plain.
260 _aNew York, N.Y. :
_bDelacorte Press,
_c1995.
300 _a342 p. ;
_c25 cm.
650 _aFiction
_9746
650 _aSuspense stories
_918339
651 0 _aNew York (State)
_xFiction.
_920224
655 7 _aDomestic fiction.
_2lcsh
_92796
655 7 _aLove stories.
_2gsafd
_92799
856 4 2 _3Publisher description
_uhttp://www.loc.gov/catdir/description/random047/94045096.html
856 4 2 _3Contributor biographical information
_uhttp://www.loc.gov/catdir/enhancements/fy0703/94045096-b.html
906 _a7
_bcbc
_corignew
_d1
_eocip
_f19
_gy-gencatlg
942 _2lcc
_cBK
999 _c11434
_d11434